[Event "Novi Sad Put Svile Schev 3rd"]
[Site "Novi Sad"]
[Date "2021.08.03"]
[Round "4.1"]
[White "Alimpic, Aleksa"]
[Black "Petrovic, Vladan"]
[Result "1-0"]
[WhiteElo "2066"]
[BlackElo "1902"]
[PlyCount "53"]
[EventDate "2021.08.01"]
[EventType "schev"]
[EventRounds "9"]
[EventCountry "SRB"]
[SourceTitle "EXT 2022"]
[Source "ChessBase"]
[SourceDate "2021.10.06"]
[SourceVersion "1"]
[SourceVersionDate "2021.10.06"]
[SourceQuality "1"]
[WhiteTeam "Team B"]
[BlackTeam "Team A"]
[WhiteTeamCountry "SRB"]
[BlackTeamCountry "SRB"]

1. d4 d5 2. Nf3 Nf6 3. c4 e6 4. Nc3 Nbd7 5. Bf4 c6 6. e3 Be7 7. c5 0-0 8. h3 Ne4 9. Nxe4 dxe4 10. Ne5 Nxe5 11. Bxe5 Qa5+ 12. Qd2 Qxd2+ 13. Kxd2 Rd8 14. Kc3 Rd7 15. Be2 f6 16. Bf4 e5 17. dxe5 fxe5 18. Bxe5 Bxc5 19. Rad1 h6 20. Bc4+ Kh8 21. Bb3 b5 22. Rxd7 Bxd7 23. Rd1 Be8 24. Bc2 Bb6 25. Bxe4 Rd8 26. Rxd8 Bxd8 27. Kb4 1-0

[Event "Ruhrgebiet Verbandsliga Gruppe 1 1819"]
[Site "Nordrheinwestfalen"]
[Date "2018.12.02"]
[Round "4.8"]
[White "Braun, Uwe"]
[Black "Petrovic, Vladan"]
[Result "0-1"]
[WhiteElo "1707"]
[BlackElo "1864"]
[PlyCount "108"]
[EventDate "2018.09.23"]
[EventType "team-tourn"]
[EventRounds "9"]
[EventCountry "GER"]
[SourceTitle "EXT 2022"]
[Source "ChessBase"]
[SourceDate "2021.10.06"]
[SourceVersion "1"]
[SourceVersionDate "2021.10.06"]
[SourceQuality "1"]
[WhiteTeam "Bottrop SV"]
[BlackTeam "Holsterhausen SK"]
[WhiteTeamCountry "GER"]
[BlackTeamCountry "GER"]

1. c4 c6 2. e4 d5 3. exd5 cxd5 4. d4 Nf6 5. Nf3 g6 6. Nc3 Bg7 7. Be2 0-0 8. 0-0 Nc6 9. h3 a6 10. a4 b6 11. Be3 Bb7 12. Re1 e6 13. Bg5 Qd6 14. cxd5 Nxd5 15. Bc4 Na5 16. Ba2 Rac8 17. Ne4 Qb4 18. Qd2 Qxd2 19. Nexd2 h6 20. Bh4 Rc2 21. b4 Nxb4 22. Bb1 Rc7 23. Bg3 Rd7 24. Be5 Rc8 25. Ra3 Nc2 26. Bxc2 Rxc2 27. Raa1 Bxe5 28. Rxe5 Nc6 29. Re4 Na5 30. Rf4 Bxf3 31. Nxf3 Nc4 32. Rb1 Rd5 33. Ne5 Nxe5 34. dxe5 b5 35. axb5 axb5 36. Rfb4 Rcc5 37. f4 Rc4 38. Rxc4 bxc4 39. Rb8+ Kg7 40. Rc8 Rd4 41. g3 g5 42. fxg5 hxg5 43. Kf2 Kg6 44. Rc5 Kf5 45. Rc7 Kxe5 46. Rxf7 c3 47. Rc7 Rd3 48. Rc8 Kd4 49. Rc7 Rd2+ 50. Kf3 Rh2 51. Rd7+ Kc4 52. Kg4 c2 53. h4 gxh4 54. gxh4 Rh1 0-1

[Event "Ruhrgebiet Verbandsliga Gruppe 2 1718"]
[Site "Germany"]
[Date "2017.09.17"]
[Round "1.8"]
[White "Neugebauer, Thomas"]
[Black "Petrovic, Vladan"]
[Result "1-0"]
[WhiteElo "1809"]
[BlackElo "1891"]
[PlyCount "69"]
[EventDate "2017.09.17"]
[EventType "team-tourn"]
[EventRounds "9"]
[EventCountry "GER"]
[SourceTitle "EXT 2022"]
[Source "ChessBase"]
[SourceDate "2021.10.06"]
[SourceVersion "1"]
[SourceVersionDate "2021.10.06"]
[SourceQuality "1"]
[WhiteTeam "Altenessen"]
[BlackTeam "Holsterhausen SK"]
[WhiteTeamCountry "GER"]
[BlackTeamCountry "GER"]

1. e4 c6 2. d4 d5 3. e5 Bf5 4. Ne2 e6 5. Ng3 Bg6 6. Bd3 Ne7 7. 0-0 Nd7 8. c3 c5 9. Be3 Nc6 10. a3 Be7 11. b4 cxd4 12. cxd4 a6 13. f4 Bxd3 14. Qxd3 g6 15. Nd2 b5 16. Rac1 Rc8 17. f5 gxf5 18. Nxf5 Bf8 19. Nd6+ Bxd6 20. exd6 Nf8 21. Bf4 Ng6 22. Bg3 h5 23. Rce1 Rg8 24. Qf3 Qd7 25. Nb3 h4 26. Be5 Ncxe5 27. dxe5 Rc2 28. Nc5 Nxe5 29. Rxe5 Rgxg2+ 30. Qxg2 Rxg2+ 31. Kxg2 Qxd6 32. Rfe1 Kf8 33. Kh3 Qe7 34. Rxd5 Qf6 35. Nd7+ 1-0

[Event "Ruhrgebiet Verbandsliga Gruppe 1 1516"]
[Site "Germany"]
[Date "2016.02.21"]
[Round "7.7"]
[White "Petrovic, Vladan"]
[Black "Funke, Eckhard"]
[Result "0-1"]
[WhiteElo "1958"]
[BlackElo "1781"]
[PlyCount "90"]
[EventDate "2015.09.06"]
[EventType "team-tourn"]
[EventRounds "9"]
[EventCountry "GER"]
[SourceTitle "EXT 2022"]
[Source "ChessBase"]
[SourceDate "2021.10.06"]
[SourceVersion "1"]
[SourceVersionDate "2021.10.06"]
[SourceQuality "1"]
[WhiteTeam "Holsterhausen SK"]
[BlackTeam "Hoentrop SG"]
[WhiteTeamCountry "GER"]
[BlackTeamCountry "GER"]

1. e4 d5 2. exd5 Qxd5 3. Nf3 Nf6 4. Be2 c6 5. Nc3 Qd6 6. 0-0 Bg4 7. d4 e6 8. h3 Bh5 9. Ne5 Bxe2 10. Nxe2 Be7 11. c4 0-0 12. Qb3 b6 13. Bf4 Qb4 14. Qxb4 Bxb4 15. a3 Be7 16. Nc3 Rc8 17. Rad1 h6 18. Rfe1 Kf8 19. Re2 Nbd7 20. Nxd7+ Nxd7 21. d5 cxd5 22. cxd5 e5 23. d6 Bf6 24. Bg3 Rc6 25. Rd5 Rc5 26. Rxc5 bxc5 27. Nd5 Rb8 28. Nxf6 gxf6 29. f3 Rb3 30. Rd2 c4 31. Rc2 Rd3 32. Rxc4 Rxd6 33. Be1 Kg7 34. Bb4 Rd1+ 35. Kh2 Nb6 36. Rc7 Rb1 37. Rxa7 Rxb2 38. Rb7 Nc4 39. Rb8 Ra2 40. Bc5 Nd2 41. Kg3 Nf1+ 42. Kh4 Rxg2 43. Rb3 Ng3 44. Be3 Kg6 45. Kg4 Nf5# 0-1

[Event "Vojvodina-ch 2nd"]
[Site "Novi Sad"]
[Date "2011.07.29"]
[Round "8"]
[White "Cvetanovic, Uros"]
[Black "Petrovic, Vladan"]
[Result "1-0"]
[WhiteElo "2232"]
[BlackElo "2044"]
[PlyCount "61"]
[EventDate "2011.07.24"]
[EventType "swiss"]
[EventRounds "9"]
[EventCountry "SRB"]
[SourceTitle "CBM 143 Extra"]
[Source "ChessBase"]
[SourceDate "2011.08.29"]
[SourceVersion "1"]
[SourceVersionDate "2011.08.29"]
[SourceQuality "1"]

1. e4 c6 2. Nf3 d5 3. exd5 cxd5 4. Ne5 Nf6 5. d4 g6 6. Bd3 Bg7 7. 0-0 0-0 8. Qe2 Nc6 9. c3 Nd7 10. f4 e6 11. Nd2 Qe8 12. Ndf3 f6 13. Nxc6 bxc6 14. Re1 Nb8 15. b3 a5 16. Ba3 Rf7 17. f5 gxf5 18. Bxf5 e5 19. Bxc8 Qxc8 20. dxe5 fxe5 21. Nxe5 Rf4 22. Qh5 Nd7 23. Nxd7 Qxd7 24. Re7 Qf5 25. Re8+ Rxe8 26. Qxe8+ Bf8 27. Bxf8 Qxf8 28. Qxc6 Qf5 29. Rd1 Kg7 30. Qc7+ Kf8 31. Qxf4 1-0

[Event "IBCA Wch blind 12th"]
[Site "Belgrade"]
[Date "2010.09.04"]
[Round "9.28"]
[White "Petrovic, Vladan"]
[Black "Hilton, Stephen H"]
[Result "1/2-1/2"]
[WhiteElo "2049"]
[BlackElo "1901"]
[PlyCount "22"]
[EventDate "2010.08.26"]
[EventType "swiss"]
[EventRounds "9"]
[EventCountry "SRB"]
[SourceTitle "EXT 2011"]
[Source "ChessBase"]
[SourceDate "2010.11.26"]
[SourceVersion "1"]
[SourceVersionDate "2010.11.26"]
[SourceQuality "1"]

1. e4 c5 2. Nf3 a6 3. d4 cxd4 4. Nxd4 e5 5. Nf3 Nf6 6. Bc4 Qc7 7. Bb3 h6 8. 0-0 Bc5 9. Nc3 0-0 10. Nd5 Nxd5 11. Bxd5 d6 1/2-1/2

[Event "SLO-ch blind int 7th"]
[Site "Izola"]
[Date "2007.06.18"]
[Round "6"]
[White "Petrovic, Vladan"]
[Black "Jagdhuber, Hans"]
[Result "1-0"]
[WhiteElo "2061"]
[BlackElo "2018"]
[PlyCount "97"]
[EventDate "2007.06.13"]
[EventType "swiss"]
[EventRounds "7"]
[EventCountry "SLO"]
[SourceTitle "EXT 2023"]
[Source "ChessBase"]
[SourceDate "2022.10.05"]
[SourceVersion "1"]
[SourceVersionDate "2022.10.05"]
[SourceQuality "1"]

1. e4 d5 2. exd5 Qxd5 3. Nc3 Qa5 4. d4 Nf6 5. Bd2 c6 6. Nf3 Bf5 7. Bc4 e6 8. 0-0 Qc7 9. Re1 Nbd7 10. Bb3 Be7 11. Ne2 0-0 12. Ng3 Bg6 13. Qe2 Rfe8 14. Nh4 Bd6 15. Nxg6 hxg6 16. c4 c5 17. Bc3 Rad8 18. Ba4 Re7 19. Bxd7 Rexd7 20. dxc5 Bxc5 21. b3 Qb6 22. Bxf6 gxf6 23. Ne4 Bd4 24. Rac1 f5 25. Ng5 Bf6 26. Nf3 e5 27. Red1 e4 28. Rxd7 Rxd7 29. Rc2 exf3 30. Qe8+ Kg7 31. Qxd7 fxg2 32. Rd2 Qb4 33. Kxg2 Qc3 34. Re2 f4 35. Qxb7 g5 36. Qf3 Qd4 37. h4 gxh4 38. Re4 Qd7 39. Qxf4 Qb7 40. Qf3 Bg5 41. Re3 Qd7 42. Rd3 Qe6 43. Rd4 Kh6 44. Qg4 f5 45. Qd1 Be7 46. Qd2+ Kh5 47. Qf4 Qg6+ 48. Kh3 Qg1 49. Qxf5+ 1-0